Biblioteca

El diálogo entre evangélicos y católicos : (Registro nro. 51260)

Detalles MARC
000 -LÍDER
Campo fijo de descripción fija 01410cab a22002294i 4500
001 - NÚMERO DE CONTROL
Campo de control 768714001
003 - IDENTIFICADOR DEL NÚMERO DE CONTROL
Campo de control CO-MdFUSB
005 - FECHA Y HORA DE LA ULTIMA TRANSACCIÓN
control field 20230404145212.0
008 - ELEMENTOS DE LONGITUD FIJA -- INFORMACIÓN GENERAL
Campo fijo de descripción fija -- Información general 180713s gt ||||| |||| 00| 0 spa d
022 ## - NÚMERO INTERNACIONAL NORMALIZADO PARA PUBLICACIONES SERIADAS
Número Internacional Normalizado para Publicaciones Seriadas 1014-9341
040 ## - FUENTE DE CATALOGACIÓN
Agencia Catalogadora CO-MdFUSB
Idioma de catalogación spa
Agencia que realiza la transcripción CO-MdFUSB
Agencia que realiza la modificación CO-MdFUSB
041 ## - CÓDIGO DE IDIOMA
Código de idioma para texto/pista de sonido o título separado spa
100 1# - ASIENTO PRINCIPAL--NOMBRE PERSONAL
Nombre personal Carroll R., M. Daniel
Término relacionador autor
245 13 - TÍTULO
Título El diálogo entre evangélicos y católicos :
Subtitulo asuntos en torno a la evangelización. Una perspectiva evangélica desde América Latina
Mención de responsabilidad / Dr. M. Daniel Carroll Rodas
300 ## - DESCRIPCIÓN FÍSICA
Extensión Número 30 (Enero - Junio, 2002), páginas 91-116
Dimensiones : 22 cm
520 ## - NOTA DE RESUMEN, ETC.
Nota de sumario, etc. Una consideración de algunas realidades del contexto histórico, social, teológico y eclesiástico de América Latina ayuda a comprender por qué en este momento de la historia es poco factible un esfuerzo conjunto entre católicos y evangélicos en la evangelización. Por otro lado, alguna cooperación se ha logrado en otras tareas, y mucho más se puede hacer juntos para solucionar los graves problemas sociales de Latinoamérica. Sin embargo, aun en estos proyectos se tendrá que lidiar con los retos contextuales profundamente enraizados.
650 #0 - ASIENTO SECUNDARIO DE MATERIA - TERMINO TEMÁTICO
Término temático o nombre geográfico como elemento de entrada Evangelización
9 (RLIN) 362
650 #0 - ASIENTO SECUNDARIO DE MATERIA - TERMINO TEMÁTICO
Término temático o nombre geográfico como elemento de entrada Cristianismo y otras religiones
9 (RLIN) 1247
Término de relación Catolicismo
650 #7 - ASIENTO SECUNDARIO DE MATERIA - TERMINO TEMÁTICO
Término temático o nombre geográfico como elemento de entrada Apologética
9 (RLIN) 187
773 0# - ASIENTO DE ITEM FUENTE
Título Kairós
Biblionumber 49489
Itemnumber 61193
Parte(s) relacionada(s) / Volumen., número. (mes año), páginas Número 30 (Enero - Junio, 2002), páginas 91-116
Enumeración y primera página Página 91
942 ## - TIPO DE MATERIAL (KOHA)
Tipo de Item KOHA Artículos de Revista

No hay ítems disponibles.

Biblioteca FUSBC | Teléfono: (57+4) 349 88 10 Ext. 141| WhatsApp (+57) 3005338115 
E-mail: biblioteca@unisbc.edu.co | Calle 76 87-14 Robledo Palenque, Medellín, Colombia

Con tecnología Koha